| 000 | 00769na a2200277 4500 | ||
|---|---|---|---|
| 001 | 18590 | ||
| 003 | MIRAKIL | ||
| 005 | 20181213155212.0 | ||
| 008 | 161122b tu 000 0 | ||
| 020 | _a975494363X | ||
| 035 | _a18590 | ||
| 040 |
_aMilas _btur _cTR-AnCHP |
||
| 041 | _atur | ||
| 082 |
_a320.011 _bÖ91d 1993 |
||
| 090 | _a320.011 Ö91d 1993 | ||
| 100 | _aÖzbudun, Ergun | ||
| 245 |
_aDemokrasiye geçiş sürecinde anayasa yapımı _cErgun Özbudun |
||
| 260 |
_aAnkara _bBilgi Yayınevi _c1993 |
||
| 300 |
_a199 s. _c20 sm. |
||
| 440 | _aBilgi Yayınları | ||
| 490 |
_aBilgi dizisi _v88 |
||
| 504 | _aKaynakça ve dizin var. | ||
| 650 |
_aSiyaset ve yönetim _xAnayasa |
||
| 650 |
_aDemokratikleşme _xAnayasa _zTürkiye |
||
| 942 |
_2ddc _cBKS |
||
| 999 |
_c8431 _d8431 |
||